| 000 | 01118cam a22003377a 4500 | ||
|---|---|---|---|
| 003 | CHAP | ||
| 005 | 20220817041840.0 | ||
| 008 | 971013s1972 r 00010 d | ||
| 010 | _a26461 | ||
| 011 | _a27433 | ||
| 035 | _a31534 | ||
| 040 | _cCHAP | ||
| 090 | _aFolleto 7563 | ||
| 100 | 0 | 0 |
_aIriarte Fáber, Benjamín. _960347 |
| 245 | 1 | 4 | _aLos servicios fitosanitarios en las casetas de inspección cuarentenaria |
| 260 |
_aCuliacán, Sin. : _bProtección Fitosanitaria de Sinaloa, _c1972 |
||
| 300 |
_as.p. _b: ilus |
||
| 490 | 0 |
_aBoletin informativo _v; 8 |
|
| 590 |
_aBATCH-UPD _b10 _c20130110 _lUCH01 _h0111 |
||
| 590 |
_aBATCH-UPD _b10 _c20130110 _lUCH01 _h1315 |
||
| 590 |
_aBATCH-UPD _b10 _c20130409 _lUCH01 _h2102 |
||
| 590 |
_aBATCH-UPD _b10 _c20130410 _lUCH01 _h0827 |
||
| 590 |
_aBATCH-UPD _b10 _c20130914 _lUCH01 _h0649 |
||
| 590 |
_aCONVERSION _b10 _c20130109 _lUCH01 _h1315 |
||
| 650 | 1 | 4 |
_aSanidad vegetal. _9102224 |
| 700 | 0 |
_aChávez Chávez, José _ecoaut. _922681 |
|
| 830 | 0 |
_aBoletin informativo _v; 8 |
|
| 901 | _aBK | ||
| 942 | _cFOLL | ||
| 949 |
_aFolleto 7563 _bBC _cFOLL _d-72996 _eTS1 _i31534 _mD _si |
||
| 999 |
_c26461 _d26461 |
||